LIBRARY ONLINE CATALOGUE

Abide in Christ / (Record no. 8136)

MARC details
000 -LEADER
fixed length control field 00564nam a22002052 4500
001 - CONTROL NUMBER
control field 0000011991
005 - DATE AND TIME OF LATEST TRANSACTION
control field 20151217152105.0
008 - FIXED-LENGTH DATA ELEMENTS--GENERAL INFORMATION
fixed length control field 090123s xx 000 0 eng d
020 ## - INTERNATIONAL STANDARD BOOK NUMBER
International Standard Book Number 0875087245 :
040 ## - CATALOGING SOURCE
Original cataloging agency KABU
Transcribing agency KABU
100 1# - MAIN ENTRY--PERSONAL NAME
Personal name Murray, Andrew.
-- 0000168133
245 10 - TITLE STATEMENT
Title Abide in Christ /
Statement of responsibility, etc. Andrew Murray.
250 ## - EDITION STATEMENT
Edition statement 1st ed.
260 ## - PUBLICATION, DISTRIBUTION, ETC. (IMPRINT)
Place of publication, distribution, etc. Fort Washington, PA. :
Name of publisher, distributor, etc. CLC,
Date of publication, distribution, etc. 1997.
300 ## - PHYSICAL DESCRIPTION
Extent 204 p.
650 #0 - SUBJECT ADDED ENTRY--TOPICAL TERM
Topical term or geographic name as entry element Christian life.
-- 0000149167
852 1# - LOCATION
-- p380 KES
908 ## - PUT COMMAND PARAMETER (RLIN)
Put command parameter 090123
950 ## - LOCAL HOLDINGS (RLIN)
-- 1
Holdings
Withdrawn status Lost status Source of classification or shelving scheme Not for loan Home library Current library Date acquired Total Checkouts Full call number Barcode Date last seen Price effective from Koha item type
    Library of Congress Classification   Kabarak, Main Campus Kabarak, Main Campus 17/12/2015   BV4501 .M87 1997 c. 1 16323 17/12/2015 17/12/2015 General Collection